Trastornos dispépsicos en las inflamaciones del riñón (Registro nro. 115651)

Detalles MARC
000 -LEADER
campo de control de longitud fija 00617nam a2200169 i 4500
001 - NÚMERO DE CONTROL
campo de control 115651
003 - IDENTIFICADOR DE NÚMERO DE CONTROL
campo de control ES-MaACL
005 - FECHA Y HORA DE LA ÚLTIMA TRANSACCIÓN
campo de control 20230906190526.0
008 - DATOS DE LONGITUD FIJA--INFORMACIÓN GENERAL
campo de control de longitud fija 070423s1905 sp |||| | spa d
100 1# - ENTRADA PRINCIPAL--NOMBRE DE PERSONA
Nombre de persona González Tánago y García, Manuel.
9 (RLIN) 58978
245 10 - MENCIÓN DEL TÍTULO
Título Trastornos dispépsicos en las inflamaciones del riñón
Resto del título : (pielitis, pielonefritis, etc.) /
Mención de responsabilidad, etc. por M. González Tánago.
260 ## - PUBLICACIÓN, DISTRIBUCIÓN, ETC.
Lugar de publicación, distribución, etc. Madrid :
Nombre del editor, distribuidor, etc. [s.n.],
Fecha de publicación, distribución, etc. 1905 (
Fabricante Est. tip. de E. Teodoro)
300 ## - DESCRIPCIÓN FÍSICA
Extensión 26 p. ;
Dimensiones 20 cm.
595 ## -
-- Extraído de "El Siglo médico"
650 04 - PUNTO DE ACCESO ADICIONAL DE MATERIA--TÉRMINO DE MATERIA
Término de materia o nombre geográfico como elemento de entrada Riñones-
Subdivisión general Enfermedades.
9 (RLIN) 16914
852 ## - LOCALIZACIÓN
Ubicación ES-MaACL
Número de control de estantería T-150 bis-F-2
Existencias
Estatus retirado Estado de pérdida Estado de daño No para préstamo Colección Biblioteca de origen Biblioteca actual Ubicación en estantería Fecha de adquisición Fuente de adquisición Total de préstamos Signatura topográfica completa Código de barras Visto por última vez Precio de reemplazo Tipo de ítem Koha
        Colección de folletos Biblioteca del Ateneo de Madrid Biblioteca del Ateneo de Madrid Depósito folletos 17/01/2008     T-150 bis-F-2 1120605 23/02/2023 23/02/2023 Folleto